| 000 | 00432nam a22001577a 4500 | ||
|---|---|---|---|
| 003 | PILC | ||
| 005 | 20160525071134.0 | ||
| 008 | 151006b xxu||||| |||| 00| 0 eng d | ||
| 020 | _a9789351154877 | ||
| 050 |
_aHF 5548.32 _b.Eb16 2015 |
||
| 245 | _aE-business / | ||
| 260 |
_aUAE : _b3G elearning, _c2015. |
||
| 300 |
_av, 262 pages : _billustrations ; _c24 cm. + _e1 DVD. |
||
| 650 | _aElectronic commerce. | ||
| 942 |
_2lcc _cBK _kFOR |
||
| 999 |
_c288820 _d288820 |
||